000 00819nam a2200265Ia 4500
003 OSt
005 20220925224502.0
006 a|||||r|||| 00| 0
007 ta
008 220923b |||||||| |||| 00| 0 eng d
020 _a070072996
037 _cGeneral Book
040 _aRTL
_cRTL
_beng
041 _2eng
_aeng
082 _aV73:194.4313.N7, L1
100 _aSheen Neil
_9291180
245 0 _aThe Pentagon Papers as Published by The New York Times
260 _aLondon
_bRoutledge & Kegan Paul UK
_c1969
300 _a810p
_ccm.
490 _aNewYork Times Staff for The Pentagon Papers
500 _aAppenix:P637-766; Glossary:P773-78; Index:P779-10
650 _aSocial Voilence
_9237404
942 _hV73:194.4313.N7, L1
_cGB
_2CC
999 _c581567
_d581567